000 00945nam a22002777ia4500
005 20200611130031.0
008 200611t20152015-uka|||b |||| 00| 1 eng d
020 _a9780723288022
_cRM11.95
_qhardback
040 _aPPAK
_beng
_cPPAK
_erda
082 0 4 _223
_a428.6
090 0 0 _a428.6
_bHOR
_dK
100 1 _aHorsley, Lorraine,
_eauthor.
245 1 0 _aAlice in Wonderland /
_cwritten by Lorraine Horsley ; Illustrated by Barbara Bongini
264 1 _aLondon, United Kingdom :
_bLadybird Books,
_c2015
264 4 _c©2015
300 _a47 pages :
_bcolour illustrations ;
_c18 cm
336 _2rdacontent
_atext
337 _2rdamedia
_aunmediated
338 _2rdacarrier
_avolume
490 1 _aRead it yourself with Ladybird ;
_vLevel 4
650 1 0 _aReaders (Primary)
650 2 0 _aChildren's stories, English
700 1 _aBongini, Barbara,
_eillustrator.
830 0 _aRead it yourself with Ladybird ;
_n Level 4
942 _2ddc
_cB
999 _c177586
_d177586